00462nam a2200181Ia 4500003000400000005001700004008004100021020001400062040000700076041000800083082001900091100004500110245005500155250000600210260003600216300001500252365001300267OSt20230406101050.0210423s2006 xx 000 0 und d a749451157 cAL aeng a658.3 PERS223 aPERKINS (Stephen J);SHORTLAND (Susan M). aStrategic international human resource management. a2 aNew DelhibKogan Page Ltdc2006 axi,258bPB b325cINR